000 01026nam a22002777a 4500
003 DO-SdBNP
005 20260120073951.0
007 ta
008 210526e2020 dr ||||er|||| 001 0dspa d
020 _a9789945926903
040 _aDO-SdBNP
_bspa
_cBNPHU
041 _hspa
082 4 _a248.4
_bD352m
_222
100 1 _a Delgado Suriel, Jesús Gabriel,
_d1967-
_cPadre
_978678
245 1 _aMás allá de lo humano :
_buna experiencia con Dios /
_cJesús Gabriel Delgado Suriel ; edción, Diómedes Ángeles ; prólogo, Rafael L. Felipe Núñez.
260 _aLoma de los Ángeles, La Vega República Dominicana :
_bLa Voz de María,
_c2020.
300 _a145 p. ;
_c21 cm
500 _aIncluye datos biográficos del autor en las solapas
590 _aInventariado, 2021/MFF
650 0 _aVida espiritual
_9268
650 0 _aVida cristiana
_9668
700 1 _aFelipe Núñez , Rafael L.
_epról.
_978679
700 1 _a Ángeles , Diómedes
_eed.
_978680
910 _aValidado. Control de Calidad MFF
942 _2ddc
_cLBS1
999 _c49852
_d49852